000
00224nam a2200085Ia 4500
008
170620s9999 xx 000 0 und d
100
_a
SINGH- AVTAR
245
0
_a
PRINCIPLES OF THE LAW OF EVIDENCE
260
_b
CENTRAL LAW AGENCY ALLAHABAD
260
_c
2014
999
_c
30337
_d
30337